000
00313nam a22001217a 4500
008
260601b |||||||| |||| 00| 0 eng d
082
_a
001928
100
_a
Poorna Prajna Samshodhan Trust
245
_a
Prajna Vol No X
260
_a
Bangalore
_b
Poorna Prajna Samshodhan Trust
_c
2016
300
_a
126p
942
_2
ddc
999
_c
1502
_d
1502